[Event "XI C.to Italiano U20"]
[Site "Bratto - Castione della Presolana ITA"]
[Date "2003.08.22"]
[Round "2"]
[White "Longo, Luigi"]
[Black "Visentin, Lorenzo"]
[Result "0-1"]
[WhiteElo "1693"]
[BlackElo "1600"]
[PlyCount "56"]
[EventDate "2003.08.21"]

1. d4 Nf6 2. c4 e6 3. Nc3 c5 4. d5 exd5 5. cxd5 d6 6. e4 g6 7. Bg5 Bg7 8. Bb5+
Bd7 9. Bxd7+ Nbxd7 10. Nf3 O-O 11. O-O Re8 12. Re1 Qc7 13. Rc1 a6 14. a4 h6 15.
Bxf6 Nxf6 16. Nd2 Re7 17. Nc4 Nd7 18. f4 Nb6 19. b3 Nxc4 20. bxc4 Qa5 21. Qb3
Rae8 22. e5 dxe5 23. fxe5 Bxe5 24. Red1 Bd4+ 25. Kf1 Re3 26. Qxb7 Rxc3 27. Rb1
Qxa4 28. d6 Qxc4+ 0-1

[Event "XI C.to Italiano U20"]
[Site "Bratto - Castione della Presolana ITA"]
[Date "2003.08.22"]
[Round "2"]
[White "Napoli, Nicolo'"]
[Black "Berni, Giorgio"]
[Result "0-1"]
[WhiteElo "2039"]
[BlackElo "2219"]
[PlyCount "92"]
[EventDate "2003.08.21"]

1. e4 c5 2. c3 d6 3. d4 Nf6 4. Bd3 g6 5. f4 Bg7 6. Nf3 O-O 7. O-O cxd4 8. cxd4
e5 9. dxe5 dxe5 10. Nxe5 Qd4+ 11. Kh1 Nxe4 12. Bxe4 Qxe4 13. Nc3 Qb4 14. Nd5
Qd6 15. Nc4 Qc5 16. Be3 Qxc4 17. Rc1 Qe4 18. Bc5 Be6 19. Nc3 Bxc3 20. Bxf8 Bd5
21. Rf2 Kxf8 22. Re2 Qf5 23. bxc3 Nc6 24. Rb1 Rd8 25. Qg1 Qxf4 26. Rxb7 Ne5 27.
Rb4 Qg5 28. h3 Nd3 29. Rg4 Qf5 30. Kh2 Be6 31. Qxa7 Nf4 32. Qc7 Nxe2 33. Qxd8+
Kg7 34. Qc7 Qf1 35. Qe5+ f6 36. Qc7+ Bf7 37. Qc5 Qe1 38. Qe3 Qd1 39. Re4 Qd6+
40. g3 f5 41. Rh4 Qe6 42. Qh6+ Kf6 43. Ra4 Qb6 44. Qh4+ Kg7 45. Kg2 f4 46. Qe7
Qc6+ 0-1

[Event "XI C.to Italiano U20"]
[Site "Bratto - Castione della Presolana ITA"]
[Date "2003.08.22"]
[Round "2"]
[White "Navarro, Stefano"]
[Black "Reduzzi, Maurizio"]
[Result "1-0"]
[WhiteElo "2125"]
[BlackElo "1749"]
[PlyCount "83"]
[EventDate "2003.08.21"]

1. e4 c5 2. Nf3 e6 3. d4 cxd4 4. Nxd4 Nc6 5. Nc3 a6 6. Be2 d6 7. a4 Nf6 8. Be3
Be7 9. O-O Bd7 10. f4 Nxd4 11. Bxd4 Bc6 12. Bf3 O-O 13. Qe1 d5 14. e5 Ne4 15.
Bxe4 dxe4 16. Qe3 Qa5 17. Kh1 Rac8 18. Rfe1 Qb4 19. Nxe4 Rfd8 20. Bc3 Qxe4 21.
Qxe4 Bxe4 22. Rxe4 Rd5 23. a5 Rcd8 24. Kg1 Bc5+ 25. Kf1 h5 26. Ke2 R8d7 27. Rf1
g6 28. Rc4 Kg7 29. Rf3 Bd4 30. Bxd4 Rxd4 31. Rxd4 Rxd4 32. b3 Rb4 33. c4 b6 34.
axb6 Rxb6 35. Kd2 Kf8 36. Kc3 Ke7 37. Rd3 a5 38. Rd2 f6 39. Ra2 fxe5 40. fxe5
Ra6 41. c5 Kd7 42. Kc4 1-0

[Event "XI C.to Italiano U20"]
[Site "Bratto - Castione della Presolana ITA"]
[Date "2003.08.22"]
[Round "2"]
[White "Oblak, Mitja"]
[Black "Bonagura, Stefano"]
[Result "0-1"]
[WhiteElo "1500"]
[BlackElo "1579"]
[PlyCount "120"]
[EventDate "2003.08.21"]

1. d4 Nf6 2. c4 g6 3. Nf3 Bg7 4. Nc3 O-O 5. g3 d6 6. Bg2 Nbd7 7. Bf4 Nh5 8. Bd2
e5 9. dxe5 Nxe5 10. Nxe5 dxe5 11. Qc1 f5 12. Bh6 c6 13. Bxg7 Kxg7 14. e3 Be6
15. b3 Qc7 16. O-O Rad8 17. Qc2 Rd6 18. Rad1 Rfd8 19. Rxd6 Rxd6 20. Rd1 Qd7 21.
Bf3 Nf6 22. Kf1 Rxd1+ 23. Qxd1 Qxd1+ 24. Bxd1 Nd7 25. e4 Kf6 26. Bc2 f4 27. Kg2
g5 28. gxf4 exf4 29. f3 Ke5 30. Ne2 h5 31. h3 Nf8 32. Bd3 Bf7 33. b4 Ne6 34. a4
Nd4 35. Nc1 Be6 36. b5 Kd6 37. Ne2 Nxe2 38. Bxe2 Kc5 39. bxc6 bxc6 40. Bf1 Kb4
41. Kf2 Kxa4 42. Ke1 Kb3 43. Kd2 a5 44. Kc1 Kc3 45. Be2 Bxh3 46. c5 Bc8 47. Bf1
g4 48. fxg4 hxg4 49. Kd1 a4 50. e5 a3 51. Bg2 f3 52. e6 a2 53. Bxf3 gxf3 54.
Ke1 a1=Q+ 55. Kf2 Bxe6 56. Kg3 Kd3 57. Kf4 Qf6+ 58. Kg3 Ke3 59. Kh2 Kf2 60. Kh1
Qh4# 0-1

[Event "XI C.to Italiano U20"]
[Site "Bratto - Castione della Presolana ITA"]
[Date "2003.08.22"]
[Round "2"]
[White "Orani, Luigi Giuseppe"]
[Black "Pagan, Nicolo'"]
[Result "0-1"]
[WhiteElo "1500"]
[BlackElo "1600"]
[PlyCount "104"]
[EventDate "2003.08.21"]

1. e4 c6 2. d4 d5 3. e5 Bf5 4. Nf3 e6 5. c3 Nd7 6. Bd3 Bxd3 7. Qxd3 Rc8 8. b4
Be7 9. O-O a5 10. a3 Qb6 11. Be3 Ra8 12. Nbd2 a4 13. c4 Bd8 14. c5 Qa6 15. Qxa6
Rxa6 16. Rab1 b5 17. Bg5 Ne7 18. Bxe7 Bxe7 19. h3 h6 20. Nh2 Nf8 21. f4 f5 22.
g4 g6 23. Ndf3 Ra7 24. Kh1 Bd8 25. gxf5 exf5 26. h4 Ne6 27. Rbd1 Nxf4 28. Ne1
Ne6 29. Rg1 Rg7 30. Nef3 Rf8 31. Rg2 g5 32. hxg5 hxg5 33. Nf1 Rh8+ 34. Rh2 Rgh7
35. Rxh7 Rxh7+ 36. Kg2 g4 37. Ng1 Bh4 38. Ne3 Rf7 39. Nc2 Nf4+ 40. Kf1 Ke7 41.
Ne2 Nxe2 42. Kxe2 f4 43. e6 Kxe6 44. Ne1 f3+ 45. Nxf3 Rxf3 46. Rf1 Rxf1 47.
Kxf1 Kf5 48. Kg2 Kf4 49. Kh2 Kf3 50. Kh1 Kf2 51. Kh2 g3+ 52. Kh1 g2+ 0-1

[Event "XI C.to Italiano U20"]
[Site "Bratto - Castione della Presolana ITA"]
[Date "2003.08.22"]
[Round "2"]
[White "Pagan, Andrea"]
[Black "Navarro, Tommaso"]
[Result "0-1"]
[WhiteElo "1603"]
[BlackElo "1513"]
[PlyCount "132"]
[EventDate "2003.08.21"]

1. d4 d5 2. c4 e5 3. cxd5 Qxd5 4. dxe5 Qxe5 5. Nc3 Bb4 6. Bd2 Nf6 7. Nf3 Qe7 8.
e3 Bf5 9. Bc4 Nc6 10. O-O O-O-O 11. Qe2 h5 12. a3 Bd6 13. Nb5 Ne4 14. Nfd4 Nxd4
15. Nxd4 Bg4 16. f3 Nxd2 17. Qxd2 Bd7 18. b4 Qh4 19. g3 Qf6 20. Qf2 g5 21. Rac1
Qg6 22. e4 h4 23. g4 Bf4 24. Rcd1 h3 25. Nf5 Kb8 26. Ne7 Qg7 27. Rd3 Be6 28.
Qc2 Qe5 29. Bxe6 Rxd3 30. Qxd3 Bxh2+ 31. Kh1 fxe6 32. Qe2 Rd8 33. Qxh2 Qf6 34.
Nc6+ bxc6 35. e5 Qg7 36. Rc1 Kb7 37. Qb2 Rd5 38. Qc3 Qd7 39. Qe3 Rd1+ 40. Kh2
Rxc1 41. Qxc1 Qd3 42. Kg3 Qe2 43. Kxh3 Qxf3+ 44. Kh2 Qxg4 45. Qe3 Qf5 46. Kg3
Kc8 47. Qd4 a6 48. a4 Kb7 49. Qe3 a5 50. bxa5 Qf4+ 51. Qxf4 gxf4+ 52. Kxf4 Ka6
53. Ke4 Kxa5 54. Kd4 Kxa4 55. Kc5 Kb3 56. Kxc6 Kc4 57. Kxc7 Kd5 58. Kb6 Kxe5
59. Kc5 Ke4 60. Kc4 Ke3 61. Kc3 e5 62. Kc2 Ke2 63. Kc3 e4 64. Kc2 e3 65. Kc1
Kf2 66. Kd1 e2+ 0-1

[Event "XI C.to Italiano U20"]
[Site "Bratto - Castione della Presolana ITA"]
[Date "2003.08.22"]
[Round "2"]
[White "Procacci, Sergio"]
[Black "Chinello, Gianmarco"]
[Result "1/2-1/2"]
[WhiteElo "1551"]
[BlackElo "1681"]
[PlyCount "102"]
[EventDate "2003.08.21"]

1. c4 c5 2. Nc3 Nc6 3. g3 g6 4. Bg2 Bg7 5. Nf3 e6 6. O-O Nge7 7. d3 O-O 8. e4
b6 9. Be3 Nd4 10. Qd2 Nec6 11. Bh6 Nxf3+ 12. Bxf3 Nd4 13. Bg2 Bb7 14. Bxg7 Kxg7
15. Ne2 Qf6 16. f4 Nxe2+ 17. Qxe2 Qe7 18. Qd2 Rad8 19. f5 f6 20. fxg6 hxg6 21.
Rf4 d6 22. Raf1 e5 23. R4f2 Bc8 24. a3 Be6 25. b4 Qd7 26. b5 Rf7 27. a4 Rh8 28.
Ra1 Rff8 29. a5 Ra8 30. axb6 axb6 31. Rff1 Ra7 32. Qf2 Rf8 33. Rxa7 Qxa7 34. h3
Rf7 35. Qb2 Qa8 36. g4 Ra7 37. Qf2 Qd8 38. Qf3 Ra3 39. Qe2 Qc8 40. Qf2 Qd8 41.
Qe2 g5 42. Rf2 Ra1+ 43. Bf1 Qh8 44. Qf3 Kg6 45. Rh2 Qh4 46. Rf2 Qh8 47. Rh2 Ra3
48. Qf2 Qh4 49. Qxh4 gxh4 50. Rg2 Kg5 51. Rf2 Ra1 1/2-1/2

[Event "XI C.to Italiano U20"]
[Site "Bratto - Castione della Presolana ITA"]
[Date "2003.08.22"]
[Round "2"]
[White "Pulito, Alberto"]
[Black "Brunello, Sabino"]
[Result "1/2-1/2"]
[WhiteElo "2058"]
[BlackElo "2234"]
[PlyCount "27"]
[EventDate "2003.08.21"]

1. e4 e5 2. Nf3 Nc6 3. Nc3 Nf6 4. Bb5 Bb4 5. O-O O-O 6. d3 d6 7. Bg5 Bxc3 8.
bxc3 Qe7 9. Re1 Nd8 10. d4 Ne6 11. Bh4 Nf4 12. Bg5 Ne6 13. Bh4 Nf4 14. Bg5
1/2-1/2

[Event "XI C.to Italiano U20"]
[Site "Bratto - Castione della Presolana ITA"]
[Date "2003.08.22"]
[Round "2"]
[White "Ronchetti, Niccolo'"]
[Black "Kidane, Robel"]
[Result "1-0"]
[WhiteElo "2217"]
[BlackElo "2045"]
[PlyCount "45"]
[EventDate "2003.08.21"]

1. e4 c5 2. Nf3 d6 3. d4 cxd4 4. Nxd4 Nf6 5. Nc3 a6 6. Bc4 e6 7. Bb3 Be7 8. g4
h6 9. g5 hxg5 10. Bxg5 Nc6 11. Qd3 Qc7 12. O-O-O Na5 13. f4 b5 14. f5 Nxb3+ 15.
axb3 b4 16. Nce2 e5 17. Nf3 Bb7 18. Ng3 Rc8 19. Qe2 Rh3 20. Rd2 a5 21. Rhd1
Rxg3 22. Bxf6 Rg4 23. Bxe7 $139 1-0

[Event "XI C.to Italiano U20"]
[Site "Bratto - Castione della Presolana ITA"]
[Date "2003.08.22"]
[Round "2"]
[White "Tomba, Ivan"]
[Black "Damia, Angelo"]
[Result "1-0"]
[WhiteElo "2175"]
[BlackElo "2021"]
[PlyCount "37"]
[EventDate "2003.08.21"]

1. e4 c6 2. d4 d5 3. Nc3 dxe4 4. Nxe4 Nf6 5. Nxf6+ exf6 6. Ne2 Bd6 7. Ng3 O-O
8. Be2 Re8 9. O-O Be6 10. c4 Bf8 11. b3 Na6 12. Bb2 Qa5 13. Nh5 Rad8 14. Bf3
Bf5 15. d5 cxd5 16. Bxd5 Be6 17. Qf3 Bxd5 18. Nxf6+ Kh8 19. Nxd5 1-0

[Event "XI C.to Italiano U20"]
[Site "Bratto - Castione della Presolana ITA"]
[Date "2003.08.22"]
[Round "2"]
[White "Trazzi, Enrico"]
[Black "Lain, Luigi"]
[Result "0-1"]
[WhiteElo "1600"]
[BlackElo "2261"]
[PlyCount "136"]
[EventDate "2003.08.21"]

1. d4 d5 2. c4 e6 3. Nc3 Nf6 4. Bg5 Nbd7 5. e3 Be7 6. Nf3 O-O 7. Qc2 c6 8. Bd3
dxc4 9. Bxc4 b5 10. Bd3 Bb7 11. O-O h6 12. Bxf6 Nxf6 13. Ne4 Nxe4 14. Bxe4 Rc8
15. Ne5 Bd6 16. Nd3 Bxh2+ 17. Kxh2 Qh4+ 18. Kg1 Qxe4 19. Qe2 Rc7 20. b4 Qd5 21.
Rfd1 Re8 22. f4 Ra8 23. Nc5 Bc8 24. a4 Rb8 25. a5 f6 26. Qb2 Re7 27. Nd3 Bd7
28. Rac1 Be8 29. Rc5 Qd6 30. Rdc1 Rc7 31. Qe2 Bg6 32. Nf2 Re8 33. Qb2 Rf8 34.
Qc3 Rfc8 35. Qb2 Kh8 36. Qc3 a6 37. Qb2 Rg8 38. Qc3 Be8 39. Ne4 Qe7 40. Kf2 Kh7
41. Qd2 f5 42. Nc3 Qh4+ 43. Kf1 g5 44. Qf2 Qh1+ 45. Qg1 Qxg1+ 46. Kxg1 gxf4 47.
exf4 Rcg7 48. Rc2 Rg3 49. Rd2 R8g4 50. Kh2 Re3 51. Re2 Rgg3 52. Rc2 Rd3 53. Ne2
Rge3 54. Rb2 Rb3 55. Rcc2 Kg7 56. Nc1 Rxb2 57. Rxb2 Rc3 58. Ne2 Rc4 59. Kg1 Bh5
60. Kf2 Bxe2 61. Rxe2 Kf6 62. Ke3 Rc3+ 63. Kf2 Ke7 64. Re5 Rd3 65. Re3 Rxd4 66.
Rh3 Rxf4+ 67. Ke3 Rxb4 68. Rxh6 Re4+ 0-1

[Event "XI C.to Italiano U20"]
[Site "Bratto - Castione della Presolana ITA"]
[Date "2003.08.22"]
[Round "2"]
[White "Vignoli, Matteo"]
[Black "Stromboli, Carlo"]
[Result "0-1"]
[WhiteElo "1600"]
[BlackElo "1744"]
[PlyCount "74"]
[EventDate "2003.08.21"]

1. e4 c5 2. Nf3 Nc6 3. d4 cxd4 4. Nxd4 e5 5. Nb5 a6 6. Nd6+ Bxd6 7. Qxd6 Qf6 8.
Qxf6 Nxf6 9. f3 d5 10. exd5 Nxd5 11. Na3 Bf5 12. Bd2 O-O 13. Bc4 Nb6 14. O-O-O
Rac8 15. Bf1 Rfd8 16. g4 Bg6 17. Be3 Rxd1+ 18. Kxd1 Na4 19. h4 Nb4 20. Rh2
Nxb2+ 21. Kc1 Bd3 22. Bxd3 N2xd3+ 23. Kb1 Ne1 24. Rf2 Nd5 25. Bd2 Nc3+ 26. Kc1
Nd3+ 27. cxd3 Ne4+ 28. Kd1 Nxf2+ 29. Ke2 Nh3 30. Nc4 b5 31. Na3 f6 32. Ke3 Kf7
33. Ke4 Ke6 34. d4 exd4 35. Kxd4 Rd8+ 36. Ke3 Nf4 37. Ba5 Rd3+ 0-1

[Event "XI C.to Italiano U20"]
[Site "Bratto - Castione della Presolana ITA"]
[Date "2003.08.22"]
[Round "2"]
[White "Vocaturo, Daniele"]
[Black "Lettieri, Giuseppe"]
[Result "1/2-1/2"]
[WhiteElo "2156"]
[BlackElo "1894"]
[PlyCount "64"]
[EventDate "2003.08.21"]

1. e4 c5 2. Nf3 Nc6 3. d4 cxd4 4. Nxd4 Nf6 5. Nc3 g6 6. Be3 Bg7 7. f3 O-O 8.
Qd2 d5 9. Nxc6 bxc6 10. O-O-O e6 11. h4 h5 12. g4 Qa5 13. e5 Nd7 14. gxh5 Bxe5
15. hxg6 fxg6 16. Rg1 Bxc3 17. Qxc3 Qxc3 18. bxc3 Rxf3 19. Kd2 Nf6 20. Rxg6+
Kf7 21. Bd3 e5 22. Rdg1 Bf5 23. Rg7+ Ke6 24. Rxa7 Rxa7 25. Bxa7 Bxd3 26. cxd3
Rf4 27. Be3 Rxh4 28. Rg2 Ra4 29. Kd1 d4 30. cxd4 exd4 31. Bc1 Nd5 32. a3 Ne3+
1/2-1/2

[Event "XI C.to Italiano U20"]
[Site "Bratto - Castione della Presolana ITA"]
[Date "2003.08.22"]
[Round "2"]
[White "Waldner, Mirko"]
[Black "Akmedov, Alisher"]
[Result "1-0"]
[WhiteElo "2067"]
[BlackElo "1434"]
[PlyCount "35"]
[EventDate "2003.08.21"]

1. d4 Nf6 2. c4 c5 3. Nf3 cxd4 4. Nxd4 a6 5. Nc3 e6 6. e3 Qc7 7. Be2 Be7 8. a3
b6 9. b4 Bb7 10. O-O d6 11. Bb2 O-O 12. Rc1 Nbd7 13. Qb3 Rac8 14. Rfd1 Qb8 15.
Na4 Rfe8 16. Nf3 Ba8 17. Qd3 Be4 18. Qd2 1-0

[Event "XI C.to Italiano U20"]
[Site "Bratto - Castione della Presolana ITA"]
[Date "2003.08.22"]
[Round "2"]
[White "Xia, Jie"]
[Black "Bdair, Bilal"]
[Result "0-1"]
[WhiteElo "1597"]
[BlackElo "1702"]
[PlyCount "75"]
[EventDate "2003.08.21"]

1. d4 Nf6 2. Nf3 c5 3. d5 e6 4. c4 exd5 5. cxd5 d6 6. Nc3 g6 7. e4 Bg7 8. Bd3
O-O 9. O-O a6 10. a4 Re8 11. h3 Nbd7 12. Bf4 Qc7 13. Re1 c4 14. Bc2 Nh5 15. Be3
Nhf6 16. a5 Nc5 17. Nd2 Bd7 18. Bd4 Bb5 19. Ndb1 Bd7 20. Na3 Rac8 21. f3 Qxa5
22. Nxc4 Qc7 23. e5 dxe5 24. Bxe5 Qd8 25. Nd6 Rxe5 26. Rxe5 Rb8 27. Re2 Bxh3
28. Nde4 Ncxe4 29. fxe4 Bg4 30. Kh1 Nh5 31. Qd3 Bxc3 32. Qxc3 Bxe2 33. Qh3 Qg5
34. Rb1 Nf4 35. Qh2 Qh5 36. d6 Qxh2+ 37. Kxh2 Bb5 38. Rf1 0-1

[Event "XI C.to Italiano U20"]
[Site "Bratto - Castione della Presolana ITA"]
[Date "2003.08.23"]
[Round "3"]
[White "Akmedov, Alisher"]
[Black "Gatterer, Matthias"]
[Result "0-1"]
[WhiteElo "1434"]
[BlackElo "1684"]
[PlyCount "100"]
[EventDate "2003.08.21"]

1. d4 d5 2. c4 e6 3. Nc3 Nf6 4. cxd5 exd5 5. Bg5 Be7 6. e3 O-O 7. Bd3 c6 8. Nf3
Nbd7 9. Qc2 Re8 10. O-O Nf8 11. Bxf6 Bxf6 12. b4 a6 13. a4 Be7 14. b5 axb5 15.
axb5 Rxa1 16. Rxa1 Bd6 17. bxc6 bxc6 18. h3 Qf6 19. Qe2 Ng6 20. Qd1 Nh4 21.
Nxh4 Qxh4 22. Ra8 Bd7 23. Rxe8+ Bxe8 24. Qf3 Bd7 25. Bf5 Qe7 26. Bxd7 Qxd7 27.
Qe2 Qb7 28. Qc2 Qb4 29. Qc1 g6 30. Na2 Qb3 31. Nc3 Ba3 32. Qa1 Bb2 33. Qa8+ Kg7
34. Na4 Bc1 35. Qxc6 Bxe3 36. fxe3 Qxe3+ 37. Kf1 Qd3+ 38. Ke1 Qe4+ 39. Kd1
Qxd4+ 40. Ke1 Qe3+ 41. Kf1 d4 42. Qf3 Qc1+ 43. Kf2 Qc2+ 44. Kg3 Qxa4 45. Qd3
Qd7 46. Qe4 Qd6+ 47. Qf4 Qxf4+ 48. Kxf4 f5 49. Kf3 Kf6 50. Ke2 Ke5 0-1

[Event "XI C.to Italiano U20"]
[Site "Bratto - Castione della Presolana ITA"]
[Date "2003.08.23"]
[Round "3"]
[White "Berni, Giorgio"]
[Black "Braschi, Giancarlo"]
[Result "1/2-1/2"]
[WhiteElo "2219"]
[BlackElo "2138"]
[PlyCount "81"]
[EventDate "2003.08.21"]

1. e4 c5 2. Nc3 Nc6 3. f4 g6 4. Nf3 Bg7 5. Bb5 Nd4 6. a4 e6 7. e5 a6 8. Bc4 d5
9. exd6 Qxd6 10. d3 b6 11. Ne4 Qc7 12. c3 Nf5 13. O-O Nf6 14. Qe1 Bb7 15. Neg5
O-O 16. Ne5 Nd6 17. Bb3 Bd5 18. Bc2 Qb7 19. Ngf3 Nf5 20. Qf2 Rac8 21. Bd1 Nd7
22. Nc4 b5 23. axb5 axb5 24. Ne3 Nxe3 25. Bxe3 b4 26. Ne5 bxc3 27. bxc3 Nxe5
28. fxe5 Bxe5 29. Bxc5 Bxh2+ 30. Kxh2 Qc7+ 31. Kg1 Qxc5 32. Qxc5 Rxc5 33. c4
Ba8 34. Ra7 e5 35. Ba4 h5 36. Be8 Rxe8 37. Rfxf7 Rc6 38. Rg7+ Kh8 39. Rh7+ Kg8
40. Rhg7+ Kh8 41. Rh7+ 1/2-1/2

[Event "XI C.to Italiano U20"]
[Site "Bratto - Castione della Presolana ITA"]
[Date "2003.08.23"]
[Round "3"]
[White "Bonagura, Stefano"]
[Black "Bove, Alessandro"]
[Result "1/2-1/2"]
[WhiteElo "1579"]
[BlackElo "2129"]
[PlyCount "80"]
[EventDate "2003.08.21"]

1. d4 c5 2. d5 e5 3. c4 d6 4. Nc3 f5 5. e4 Nf6 6. Bg5 Be7 7. Bxf6 Bxf6 8. Bd3
f4 9. Nge2 O-O 10. O-O f3 11. gxf3 Bh3 12. Re1 h5 13. Ng3 h4 14. Nf5 Bg5 15. f4
Bxf4 16. Qh5 Rf6 17. Bf1 Bxf5 18. exf5 Qf8 19. Bh3 Bd2 20. Re4 Bxc3 21. bxc3
Rh6 22. Qg5 Qf6 23. f4 Nd7 24. Rae1 Kf7 25. Bg4 Rah8 26. h3 b6 27. Kf2 a6 28.
a4 Rb8 29. Rb1 exf4 30. Qxf6+ Rxf6 31. Re6 Ne5 32. Bh5+ Kf8 33. Rxb6 Rd8 34.
Rbxd6 Rb8 35. Rb6 Rd8 36. Rxf6+ gxf6 37. Rxf6+ Kg8 38. Be2 Rf8 39. Rxf8+ Kxf8
40. Kg2 Ke7 1/2-1/2

[Event "XI C.to Italiano U20"]
[Site "Bratto - Castione della Presolana ITA"]
[Date "2003.08.23"]
[Round "3"]
[White "Boscolo, Marco"]
[Black "D'Apa, Matteo"]
[Result "1-0"]
[WhiteElo "1567"]
[BlackElo "1747"]
[PlyCount "113"]
[EventDate "2003.08.21"]

1. e4 e5 2. Nf3 Nc6 3. d4 exd4 4. c3 dxc3 5. Bc4 d6 6. Nxc3 Nf6 7. Qb3 Qd7 8.
Qc2 Be7 9. O-O O-O 10. Rd1 Qg4 11. Bg5 Be6 12. Bxf6 Bxf6 13. Nd5 Bd8 14. a3 Rc8
15. b4 Ne7 16. h3 Qg6 17. Nf4 Qh6 18. Nxe6 fxe6 19. Qa2 Rf6 20. Nd4 Kf7 21. Rd3
Nc6 22. Nf5 Qf4 23. Rg3 g6 24. Rg4 Qe5 25. Nh4 Nd4 26. Re1 b5 27. f4 Qh5 28.
Bd3 Kf8 29. e5 Rf7 30. Nxg6+ hxg6 31. Bxg6 Qh6 32. Bxf7 Kxf7 33. Re4 Nf5 34.
exd6 cxd6 35. Qe2 Bb6+ 36. Kh2 Nd4 37. Rxd4 Bxd4 38. Qxb5 Rc7 39. Qb8 Bb6 40.
Qg8+ Kf6 41. Qd8+ Re7 42. Qxd6 Bc7 43. Qd4+ Kf7 44. g3 Bb6 45. Qd3 Qh8 46. h4
Rc7 47. Kh3 Rc3 48. Qd7+ Kf6 49. f5 Kxf5 50. Qf7+ Ke5 51. Rg7 Rc4 52. Rg8 Qh6
53. Rg6 Qc1 54. Qxe6+ Kd4 55. Rg4+ Kd3 56. Qf5+ Kd2 57. Qd5+ 1-0

[Event "XI C.to Italiano U20"]
[Site "Bratto - Castione della Presolana ITA"]
[Date "2003.08.23"]
[Round "3"]
[White "Brunello, Sabino"]
[Black "Lettieri, Giuseppe"]
[Result "1-0"]
[WhiteElo "2234"]
[BlackElo "1894"]
[PlyCount "45"]
[EventDate "2003.08.21"]

1. e4 c5 2. d4 cxd4 3. c3 Nf6 4. e5 Nd5 5. Nf3 Nc6 6. cxd4 d6 7. Bc4 Nb6 8. Bd3
Bg4 9. h3 Bxf3 10. Qxf3 Qc7 11. e6 fxe6 12. Qh5+ Kd8 13. Nc3 Nxd4 14. Be3 e5
15. O-O e6 16. Bxd4 exd4 17. Nb5 Qd7 18. Nxd4 g6 19. Qh4+ Qe7 20. Nxe6+ Kc8 21.
Rac1+ Kb8 22. Qd4 Rg8 23. Rfe1 1-0

[Event "XI C.to Italiano U20"]
[Site "Bratto - Castione della Presolana ITA"]
[Date "2003.08.23"]
[Round "3"]
[White "Buchicchio, Roberto"]
[Black "Procacci, Sergio"]
[Result "1-0"]
[WhiteElo "1690"]
[BlackElo "1551"]
[PlyCount "131"]
[EventDate "2003.08.21"]

1. e4 d5 2. exd5 Qxd5 3. Nc3 Qa5 4. d4 c6 5. Bd3 Nf6 6. h3 Qc7 7. Nf3 h6 8. O-O
e6 9. Ne4 Be7 10. Nxf6+ gxf6 11. a3 Nd7 12. b4 b6 13. c4 Bb7 14. c5 b5 15. a4
a6 16. Qe2 O-O-O 17. axb5 axb5 18. g3 Rhg8 19. Kh2 Nb8 20. Bxh6 Rh8 21. Be3 Rd5
22. Kg2 Rg8 23. Kh2 Rh8 24. Kg2 Rg8 25. Bh7 Rg7 26. Be4 Rd8 27. Bh6 Rgg8 28.
Rh1 f5 29. Bc2 Rg6 30. Qe3 Bf6 31. Bf4 Qd7 32. Rhd1 Rdg8 33. Bxb8 Kxb8 34. Qf4+
Qc7 35. Qxc7+ Kxc7 36. Ne5 R6g7 37. Rd3 Bh4 38. Kh2 Bf6 39. Rg1 Rh8 40. Bd1 Rd8
41. Be2 Ra8 42. Rd2 Rd8 43. f4 Bxe5 44. fxe5 Ra8 45. g4 fxg4 46. Rxg4 Rxg4 47.
Bxg4 Kd7 48. Bh5 Ke7 49. Rf2 Rf8 50. h4 Bc8 51. Rf6 Bd7 52. Kh3 Be8 53. Rh6 Rg8
54. Bg4 Kf8 55. h5 Kg7 56. Rf6 Bd7 57. h6+ Kf8 58. Kh4 Rh8 59. Bf3 Rg8 60. h7
Rh8 61. Rh6 Be8 62. Kg5 Kg7 63. Be4 Bd7 64. Rh1 Be8 65. Ra1 Kf8 66. Kf6 1-0

[Event "XI C.to Italiano U20"]
[Site "Bratto - Castione della Presolana ITA"]
[Date "2003.08.23"]
[Round "3"]
[White "Buono, Michele"]
[Black "Lampl, Gerald"]
[Result "1-0"]
[WhiteElo "2129"]
[BlackElo "1600"]
[PlyCount "41"]
[EventDate "2003.08.21"]

1. e4 d5 2. exd5 Nf6 3. Bb5+ Bd7 4. Bc4 b5 5. Bb3 a5 6. a3 c6 7. dxc6 Bxc6 8.
Nf3 e6 9. d4 Nbd7 10. O-O Nb6 11. c3 Bd6 12. Re1 Nfd7 13. d5 Bb7 14. dxe6 fxe6
15. Qxd6 Nf8 16. Rxe6+ Nxe6 17. Qxe6+ Qe7 18. Qxb6 Bxf3 19. Qxb5+ Kf8 20. Qf5+
Ke8 21. Ba4+ 1-0

[Event "XI C.to Italiano U20"]
[Site "Bratto - Castione della Presolana ITA"]
[Date "2003.08.23"]
[Round "3"]
[White "Campanella, Giovanni"]
[Black "Bellemo, Davide"]
[Result "0-1"]
[WhiteElo "1549"]
[BlackElo "1618"]
[PlyCount "90"]
[EventDate "2003.08.21"]

1. e4 e5 2. Nf3 Nc6 3. d4 exd4 4. Bc4 Bc5 5. c3 d6 6. cxd4 Bb4+ 7. Bd2 Bxd2+ 8.
Qxd2 Nf6 9. O-O O-O 10. Nc3 Bg4 11. Qe3 Re8 12. Ng5 Re7 13. f4 h6 14. Nf3 Nb4
15. Qd2 d5 16. e5 dxc4 17. exf6 gxf6 18. f5 Kg7 19. Qf4 Bxf3 20. Rxf3 Nd3 21.
Rg3+ Kh7 22. Qh4 c6 23. Rh3 Qf8 24. Qxf6 Rae8 25. Rf1 Re1 26. Rhf3 Qe7 27. Qxe7
R8xe7 28. d5 cxd5 29. Nxd5 R7e2 30. b3 Rxf1+ 31. Rxf1 Rxa2 32. bxc4 a5 33. h3
a4 34. Rf3 Nc5 35. Rg3 Nd7 36. Re3 Kg7 37. Re1 a3 38. Rc1 Nc5 39. Nc3 Rb2 40.
Ra1 Rb4 41. Rxa3 Rxc4 42. Kf2 Rxc3 43. Ra2 b5 44. Re2 b4 45. g3 b3 0-1

[Event "XI C.to Italiano U20"]
[Site "Bratto - Castione della Presolana ITA"]
[Date "2003.08.23"]
[Round "3"]
[White "Cappai, Davide"]
[Black "Ferrarese, Giacomo"]
[Result "1-0"]
[WhiteElo "2105"]
[BlackElo "1507"]
[PlyCount "71"]
[EventDate "2003.08.21"]

1. e4 c5 2. Nf3 d6 3. d4 cxd4 4. Nxd4 Nf6 5. Nc3 g6 6. Be3 Bg7 7. f3 O-O 8. Qd2
Nc6 9. O-O-O Bd7 10. Kb1 Rc8 11. Be2 Ne5 12. Bh6 Nc4 13. Bxc4 Rxc4 14. Bxg7
Kxg7 15. g4 Qb6 16. g5 Ng8 17. Nd5 Qd8 18. h4 e6 19. Ne3 Rc7 20. h5 Ne7 21.
hxg6 hxg6 22. Qh2 Rh8 23. Qxd6 Rxh1 24. Qe5+ Kf8 25. Rxh1 Ng8 26. Qd6+ Kg7 27.
Ng4 Rc4 28. Nf6 Nxf6 29. Qe5 Bc8 30. gxf6+ Qxf6 31. Rh7+ Kxh7 32. Qxf6 Kg8 33.
Nb5 Rc5 34. Qd8+ Kh7 35. Nxa7 Rh5 36. a4 1-0

[Event "XI C.to Italiano U20"]
[Site "Bratto - Castione della Presolana ITA"]
[Date "2003.08.23"]
[Round "3"]
[White "Castellano, Fabio Marco"]
[Black "Buchicchio, Alessandro"]
[Result "1/2-1/2"]
[WhiteElo "1534"]
[BlackElo "1785"]
[PlyCount "83"]
[EventDate "2003.08.21"]

1. e4 d5 2. exd5 Qxd5 3. Nc3 Qa5 4. d4 Nf6 5. Bd3 Nc6 6. Nge2 e5 7. Bb5 Bd7 8.
dxe5 Nxe5 9. Bxd7+ Nexd7 10. O-O Bd6 11. Nd4 O-O 12. Kh1 Rad8 13. f4 Nc5 14.
Qf3 c6 15. a3 Qc7 16. b4 Ncd7 17. Nf5 Nb6 18. Nxd6 Rxd6 19. f5 Qc8 20. Bf4 Rdd8
21. Bg5 Rd6 22. Qg3 Qd7 23. Bxf6 Rxf6 24. Qd3 Qxd3 25. cxd3 Rd8 26. Ne4 Rh6 27.
Rf3 Nd7 28. Re3 Nf6 29. Nxf6+ Rxf6 30. g4 h5 31. gxh5 Rxf5 32. h6 gxh6 33. Re7
b6 34. Rxa7 Rxd3 35. Ra6 Rb5 36. Re1 c5 37. bxc5 Rxc5 38. Rg1+ Kh7 39. Rxb6
Rxa3 40. Rf1 Kg7 41. Rb7 Kg6 42. Rbxf7 1/2-1/2